LEADER 01142cam0-22003371i-450- 001 990005334300403321 005 20111114153155.0 035 $a000533430 035 $aFED01000533430 035 $a(Aleph)000533430FED01 035 $a000533430 100 $a19990604d1960----km-y0itay50------ba 101 0 $aita 102 $aIT 105 $aaf------001yy 200 1 $aSport e impianti sportivi nella Campania antica$emostra storica allestita dal Museo Nazionale di Napoli 210 $aRoma$cTipografia artistica$d1960 215 $a46 p., 16 tav.$cill.$d22 cm 300 $aIn testa al front.: Giochi della XVII Olimpiade. 610 0 $aGiochi olimpici$aNapoli$aMuseo archeologico nazionale$aEsposizioni 610 0 $aSport$aCampania antica$aMostre 676 $a796.0937$v21$zita 676 $a930.4916$v21$zita 710 02$aMuseo archeologico nazionale di Napoli$0176769 801 0$aIT$bUNINA$gRICA$2UNIMARC 901 $aBK 912 $a990005334300403321 952 $a796.093 MOSTRE NAPOLI 1960$bARCH. 13571$fFLFBC 959 $aFLFBC 996 $aSport e impianti sportivi nella Campania antica$9599646 997 $aUNINA LEADER 01041nam a2200277 i 4500 001 991000929609707536 005 20020502181218.0 008 940502s1984 it ||| | ita 020 $a8870180360 035 $ab11438538-39ule_inst 035 $aPRUMB51665$9ExL 040 $aDip. di SSSC - Sociologia$bita 100 1 $aHeidegger, Martin$010351 245 12$aL'arte e lo spazio /$cMartin Heidegger ; introduzione di Gianni Vattimo, testo originale a fronte 260 $aGenova :$bIl Melangolo,$c1984 300 $a33 p. ;$c20 cm. 490 0 $aOpuscula 650 4$aArte$xStudi 700 1 $aVattimo, Gianni 907 $a.b11438538$b01-03-17$c01-07-02 912 $a991000929609707536 945 $aLE008 CR O V 81$g1$i2008000246006$lle008$o-$pE0.00$q-$rl$s- $t0$u2$v0$w2$x0$y.i14560215$z21-09-07 945 $aLE021 NAA9$g1$i2021000183683$lle021$o-$pE0.00$q-$rl$s- $t0$u1$v0$w1$x0$y.i1162338x$z01-07-02 996 $aArte e lo spazio$9231205 997 $aUNISALENTO 998 $ale008$ale021$b01-01-94$cm$da $e-$fita$git $h2$i2